Exploring the Economic Resilience of Low vs. High Carbon Intensity Sectors

Na minha lista:
Detalhes bibliográficos
Autor principal: Lichtenberger, Andreas
Outros Autores: Stehrer, Robert
Formato: Livro
Idioma:inglês
Publicado em: Vienna The Vienna Institute for International Economic Studies 2024
Assuntos:
Tags: Adicionar Tag
Sem tags, seja o primeiro a adicionar uma tag!

MARC

LEADER 00000nlm a2200000 4500
001 0305092
005 20241113155857.8
041 0 |a eng 
044 |a AT 
245 1 0 |a Exploring the Economic Resilience of Low vs. High Carbon Intensity Sectors  |c Andreas Lichtenberger and Robert Stehrer 
264 1 |a Vienna  |b The Vienna Institute for International Economic Studies  |c 2024 
300 |a 23 s. 
610 2 0 |a zmeny klimatické 
610 2 0 |a ochrana prostredia životného 
610 2 0 |a politika environmentálna 
610 2 0 |a politika ekologická 
610 2 0 |a ekonomika zelená 
100 1 |a Lichtenberger, Andreas 
700 1 |a Stehrer, Robert